Autobahnen in Mecklenburg-Vorpommern - Statistiken

Allgemein
  • Dieses Quiz wurde 209 mal gespielt
  • Das Durchschnittsergebnis liegt bei 4 aus 5
Antwortstatistiken
Länge in MV Autobahn % Korrekt
279 km A20
98%
83,8 km A24
92%
110 km A19
91%
84 km A14
83%
19,2 km A11
81%
Keine übereinstimmenden Quizze gefunden
Verteilung der Resultate
Anzahl Personen mit jedem Resultat
Perzentil nach korrekt beantworteten Fragen
Ihre Resultats-Entwicklung
Sie haben dieses Quiz noch nicht gespielt